Les chiffres de 0 à 100 en 40 secondes (=Version Difficile) - Statistiques

Statistiques générales
  • Ce quiz a été pris 2 696 fois
  • Le résultat moyen est 54 sur 101
Statistiques - réponses
Hint Réponse % Correct
1 1
99%
2 2
97%
3 3
95%
4 4
93%
5 5
93%
6 6
93%
7 7
92%
9 9
92%
8 8
91%
0 0
86%
10 10
85%
11 11
85%
12 12
85%
13 13
84%
14 14
84%
15 15
83%
18 18
82%
16 16
81%
17 17
81%
19 19
80%
21 21
79%
22 22
77%
23 23
77%
24 24
77%
25 25
77%
26 26
77%
20 20
76%
27 27
76%
28 28
75%
29 29
74%
31 31
73%
32 32
72%
30 30
71%
33 33
71%
34 34
70%
35 35
69%
36 36
69%
37 37
68%
38 38
68%
39 39
66%
41 41
66%
42 42
65%
40 40
64%
43 43
64%
45 45
63%
44 44
62%
46 46
62%
47 47
61%
48 48
61%
49 49
59%
50 50
59%
51 51
59%
52 52
57%
53 53
57%
54 54
56%
55 55
55%
56 56
53%
57 57
50%
58 58
50%
59 59
48%
60 60
44%
61 61
44%
62 62
41%
63 63
41%
64 64
40%
65 65
40%
66 66
39%
67 67
35%
68 68
34%
69 69
33%
70 70
32%
71 71
32%
72 72
29%
73 73
29%
74 74
29%
75 75
29%
76 76
25%
77 77
25%
78 78
24%
79 79
21%
81 81
20%
82 82
20%
80 80
19%
83 83
19%
84 84
18%
85 85
18%
86 86
17%
88 88
17%
92 92
16%
87 87
15%
89 89
15%
90 90
15%
91 91
14%
93 93
14%
94 94
14%
95 95
12%
96 96
12%
99 99
12%
97 97
11%
98 98
10%
100 100
9%
Aucun quiz correspondant
Distribution des résultats
% des personnes avec chaque résultat
Percentile par nombre de réponses
Votre historique - résultats
Vous n’avez pas pris ce quiz